Process optimization in rubber injection moulding manufacturing /
Saved in:
| 主要作者: | |
|---|---|
| 格式: | Thesis 图书 |
| 语言: | English |
| 出版: |
2019.
|
| 主题: | |
| 在线阅读: | http://studentsrepo.um.edu.my/11345/ |
| 标签: |
添加标签
没有标签, 成为第一个标记此记录!
|
| LEADER | 01546cam a2200361 i 4500 | ||
|---|---|---|---|
| 001 | u1122478 | ||
| 003 | SIRSI | ||
| 005 | 201909131206 | ||
| 008 | 190913s2019 my a m 000 0 eng | ||
| 040 | |a UMM |d UMJ |e rda | ||
| 090 | |a TS176 |b UM 2019 Ng | ||
| 097 | |a TS176 |b UM 2019 Ng | ||
| 100 | 1 | |a Ng, Yeow Chian, |e author. | |
| 245 | 1 | 0 | |a Process optimization in rubber injection moulding manufacturing / |c Ng Yeow Chian. |
| 264 | 1 | |c 2019. | |
| 300 | |a xiv, 143 leaves : |b illustrations ; |c 30 cm | ||
| 336 | |a text |2 rdacontent | ||
| 337 | |a unmediated |2 rdamedia | ||
| 338 | |a volume |2 rdacarrier | ||
| 502 | |b M.Eng.Manuf. |c Jabatan Kejuruteraan Mekanik, Fakulti Kejuruteraan, Universiti Malaya |d 2019. | ||
| 504 | |a Bibliography: leaves 113-122. | ||
| 530 | |a Also issued in CD. | ||
| 650 | 0 | |a Injection molding of rubber. | |
| 650 | 0 | |a Manufacturing industries. | |
| 650 | 0 | |a Taguchi methods (Quality control) | |
| 650 | 0 | |a Rubber industry and trade. | |
| 710 | 2 | |a Universiti Malaya. |b Jabatan Kejuruteraan Mekanik, |e degree granting institution. | |
| 856 | 4 | 1 | |u http://studentsrepo.um.edu.my/11345/ |
| 900 | |a NNANS NSM | ||
| 596 | |a 1 7 | ||
| 999 | |a TS176 UM 2019 NG |w LC |c 1 |i A517374323 |f 26/9/2019 |g 1 |l STACKS |m P01UTAMA |r Y |s Y |t TESIS |u 13/9/2019 |1 STEM |o .STAFF. Surat agrement & CD disimpan oleh Perpustakaan Kejuruteraan. | ||
| 999 | |a TS176 UM 2019 NG |w LC |c 1 |i A517446422 |f 23/6/2020 |g 1 |l STACKS |m P07JURUTER |r N |s Y |t TESIS |u 23/6/2020 |1 STEM | ||
| 999 | |a TS176 UM 2019 NG |w LC |c 2 |i A517446475 |f 23/6/2020 |g 1 |l COUNTER |m P07JURUTER |r N |s Y |t CD |u 23/6/2020 |1 STEM | ||
